00901 2200337 4500001002100000005001700021008004100038020001800079035002400097040001200121082001600133084001800149100002500167245005900192250001100251260003700262300003100299504002600330650002500356850001200381990001700393990001700410990001700427990001700444990001700461990001700478990001700495990001700512990001700529990001700546INLIS00000000002186620160809104439.0  a979-692-953-8 0010-081600000000223 aYOPDYOG 223a597.903 a597.903 Sar E aSARI PUSPARINI SOLEH aEnsiklopedia Anakb: reptiliac/ Sari Pusparini Soleh; aCet. 2 aBandungbRemaja Rosdakaryac2016 a56 hlm.b: ilus.c; 28 cm. aBibliografi : hlm. 56 aReptil - Ensiklopedi aYOPDYOG a9879-KS/B.16 a9880-KS/B.16 a9881-KS/B.16 a9882-KS/B.16 a9883-KS/B.16 a9884-KS/B.16 a9885-KS/B.16 a9886-KS/B.16 a9887-KS/B.16 a9888-KS/B.16